| 000 | 00545nam a2200181Ia 4500 | ||
|---|---|---|---|
| 008 | 240925s9999 xx 000 0 und d | ||
| 020 | _a72315393 | ||
| 082 | _a004.21 WHI | ||
| 100 | _aWhitten, Jaffrey L.; Bentley ,Lonnie D.; Dittman, Kevin C. | ||
| 245 | 0 | _aSystems Analysis and Design Methods | |
| 250 | _a5th | ||
| 260 |
_aBoston: _bMC Graw-Hill _c,2000. |
||
| 300 |
_axviii,678p. _bNA _fPhotocopy |
||
| 500 | _aIncludes Index | ||
| 600 | _aEngineering Technology | ||
| 650 | _aComputer science, information & general works | ||
| 942 | _cBK | ||
| 999 |
_c6496 _d6496 |
||